[Vplyvy ekonomickej integrácie Slovenska do Európskej únie na finančnú situáciu: financovanie a rozvoj malých a stredných podnikov]

Recenzia na vedeckú monografiu, ktorá je zameraná na vysoko aktuálnu problematiku integračných procesov SR do EÚ a na ich vplyv na financovanie a rozvoj malých a stredných podnikov (MSP). v Monografia je rozdelená do troch logicky na seba nadväzujúcich kapitol.

Uložené v:
Podrobná bibliografia
Hlavný autor: Čarnický, Štefan
Médium: Kapitola
Jazyk:Slovak
Predmet:
Tagy: Pridať tag
Žiadne tagy, Buďte prvý, kto otaguje tento záznam!

MARC

LEADER 00000nla$a2200000$$$4500
001 0113992
005 20240502072252.6
041 0 |a slo 
044 |a SK 
245 1 0 |a [Vplyvy ekonomickej integrácie Slovenska do Európskej únie na finančnú situáciu: financovanie a rozvoj malých a stredných podnikov]  |c Štefan Čarnický 
520 |a Recenzia na vedeckú monografiu, ktorá je zameraná na vysoko aktuálnu problematiku integračných procesov SR do EÚ a na ich vplyv na financovanie a rozvoj malých a stredných podnikov (MSP). v Monografia je rozdelená do troch logicky na seba nadväzujúcich kapitol. 
610 2 0 |a integrácia ekonomická medzinárodná 
610 2 0 |a recenzie 
610 2 0 |a Slovensko 
610 2 0 |a Európska únia 
610 2 0 |a financovanie podnikov 
610 2 0 |a podnik malý 
610 2 0 |a podnik stredný 
100 1 |a Čarnický, Štefan